000 00725cab a2200253 4500
001 WB3036-35
008 090401t1994 xxu||||| |||| 00| 0 eng d
035 _a(Sirsi) u58208
041 _aeng
245 _aShort leases
260 _c1994
350 _a0
490 _aProperty Week
_v48(13) 29 September 1994, 7(1)
520 _aErdman Lewis` latest Institutional Property Forecasting Bulletin claims the market now accepts that short leases benefit both landlords and tenants.
650 _aERDMAN LEWIS
650 _aIPFS
650 _aLEASES
650 _aMARKET
650 _aSHORT LEASES
650 _aSHORT-TERM LEASES
690 _aPROPERTY-LANDLORD AND TENANT
942 _n0
948 _c04/03/1997
999 _c35515
_d35515